01665 a2200145 4500020001800000082001700018245011400035260003100149300001400180504005500194520115900249546001201408650006301420700003601483 a9783030524999 a001.42bMET- aMethodolgy Prospects for Scientific Research:bFrom Pragmatism to Pluralism/cedited by Wenceslao J. Gonzalez aNew York:bSpringer,c2020 avi, 247p. aInclude Bibliography and Index (page no. 231-247). aThis book highlights the existence of a diversity of methods in science, in general, in groups of sciences (natural, social or the artificial), and in individual sciences. This methodological variety is open to a number of consequences, such as the differences in the research according to levels of reality (micro, meso and macro), which leads to multi-scale modelling and to questioning “fundamental” parts in the sciences, understood as the necessary support for the whole discipline. In addition, this volume acknowledges the need to assess the efficacy of procedures and methods of scientific activity in engendering high quality results in research made; the relevance of contextual factors for methodology of science; the existence of a plurality of stratagems when doing research in empirical sciences (natural, social and of the artificial); and the need for an ethical component while developing scientific methods, because values should have a role in scientific research. The book is of interest to a broad audience of philosophers, academics in various fields, graduate students and research centers interested in methodology of science. aEnglish aResearch methodologyxPluralism.xPragmatism.xPhilosophy. aGonzalez, Wenceslao J.eeditor.